000 01319cam a2200349 i 4500
001 45301
003 Mx-PuUPA
005 20240410104025.0
008 140415s1995 mx a gr 001 0 spa d
020 _a9682612748
040 _aMx-PuUPA
_bspa
_cMx-PuUPA
_dMx-PuUPA
_erda
041 1 _aspa
_heng
100 1 _aJablonsky, Joseph R.,
_eautor
240 1 0 _aImplenting TQM.
_lEspañol
245 1 0 _aTQM como implementarlo /
_cJoseph R. Jablonsky ; traducción, Jaime Schlittler
250 _aPrimera edición
264 1 _aMéxico, D.F. :
_bCompañía Editorial Continental,
_c1995
300 _axix, 223 páginas :
_bilustraciones ;
_c24 cm
336 _2rdacontent
_atexto
_btxt
337 _2rdamedia
_asin medio
_bn
338 _2rdacarrier
_avolumen
_bnc
500 _a"Aprenda a administrar la calidad total". -- Cubierta.
650 7 _2armarc
_a Administración de la calidad total
650 7 _2armarc
_aAdministración total de la calidad
650 7 _2armarc
_aPequeñas empresas
_xAdministración
700 1 _aSchlittler, Jaime,
_etraductor
765 0 8 _aJablonsky, Joseph R.,
_tImplenting TQM.
_z0883903571
942 _2ddc
_h658.4063
_iJ117
_cLI
999 _c45301
_d45301